[Event "Masters Tournament (MTO)"]
[Site "Biel, CH"]
[Date "2025.07.18"]
[Round "5"]
[White "Schnell, Simon"]
[Black "Talwalkar, Vedant"]
[Result "1/2-1/2"]
[Board "33"]
[WhiteFideId "1345311"]
[BlackFideId "30962498"]
[BlackTitle "FM"]
[WhiteElo "2144"]
[BlackElo "2014"]
[WhiteTeam "SUI"]
[BlackTeam "USA"]
[WhiteClock "0:35:13"]
[BlackClock "1:06:44"]
[Variant "Standard"]

1. d4 {[%clk 1:40:58]}  Nf6 {[%clk 1:40:51]} 2. c4 {[%clk 1:41:25]}  e6 {[%clk 1:41:13]} 3. Nc3 {[%clk 1:41:51]}  Bb4 {[%clk 1:41:32]} 4. e3 {[%clk 1:42:15]}  O-O {[%clk 1:41:54]} 5. Nge2 {[%clk 1:42:43]}  c6 {[%clk 1:42:12]} 6. a3 {[%clk 1:43:08]}  Ba5 {[%clk 1:42:35]} 7. c5 {[%clk 1:43:37]}  d6 {[%clk 1:42:48]} 8. cxd6 {[%clk 1:44:02]}  Qxd6 {[%clk 1:43:05]} 9. b4 {[%clk 1:44:30]}  Bc7 {[%clk 1:43:22]} 10. g3 {[%clk 1:44:57]}  Re8 {[%clk 1:42:39]} 11. Bg2 {[%clk 1:45:19]}  e5 {[%clk 1:42:40]} 12. O-O {[%clk 1:44:20]}  e4 {[%clk 1:42:25]} 13. Bb2 {[%clk 1:43:38]}  Bf5 {[%clk 1:41:32]} 14. Qb3 {[%clk 1:41:45]}  Nbd7 {[%clk 1:39:14]} 15. Rfd1 {[%clk 1:28:37]}  Nb6 {[%clk 1:38:10]} 16. Rac1 {[%clk 1:28:28]}  Nbd5 {[%clk 1:28:52]} 17. Rd2 {[%clk 1:16:28]}  Rad8 {[%clk 1:25:12]} 18. Nxd5 {[%clk 0:55:26]}  Nxd5 {[%clk 1:24:13]} 19. Nc3 {[%clk 0:52:41]}  h5 {[%clk 1:17:52]} 20. Rdc2 {[%clk 0:46:28]}  h4 {[%clk 1:10:34]} 21. Nxd5 {[%clk 0:47:06]}  Qxd5 {[%clk 1:10:52]} 22. Qxd5 {[%clk 0:47:18]}  Rxd5 {[%clk 1:11:15]} 23. Rc5 {[%clk 0:44:14]}  Bd6 {[%clk 1:06:20]} 24. Rxd5 {[%clk 0:43:18]}  cxd5 {[%clk 1:06:44]} 25. Bf1 {[%clk 0:35:13]} 1/2-1/2

[Event "Masters Tournament (MTO)"]
[Site "Biel, CH"]
[Date "2025.07.18"]
[Round "5"]
[White "Gao, Kai"]
[Black "Vihaan Dumir"]
[Result "1/2-1/2"]
[Board "34"]
[WhiteFideId "8607770"]
[BlackFideId "25901010"]
[BlackTitle "CM"]
[WhiteElo "1906"]
[BlackElo "2143"]
[WhiteTeam "CHN"]
[BlackTeam "IND"]
[WhiteClock "0:07:17"]
[BlackClock "1:08:11"]
[Variant "Standard"]

1. e4 {[%clk 1:40:58]}  c6 {[%clk 1:40:59]} 2. d4 {[%clk 1:41:13]}  d5 {[%clk 1:41:27]} 3. exd5 {[%clk 1:41:13]}  cxd5 {[%clk 1:41:54]} 4. Bd3 {[%clk 1:41:38]}  Nf6 {[%clk 1:42:15]} 5. c3 {[%clk 1:41:49]}  Bg4 {[%clk 1:42:37]} 6. Qb3 {[%clk 1:42:02]}  Qc7 {[%clk 1:43:05]} 7. h3 {[%clk 1:42:20]}  Bh5 {[%clk 1:40:00]} 8. g4 {[%clk 1:39:10]}  Bg6 {[%clk 1:43:49]} 9. Bxg6 {[%clk 1:39:27]}  hxg6 {[%clk 1:44:16]} 10. g5 {[%clk 1:37:11]}  Nfd7 {[%clk 1:41:54]} 11. Qxd5 {[%clk 1:40:08]}  Nc6 {[%clk 1:40:26]} 12. Be3 {[%clk 1:39:52]}  e6 {[%clk 1:33:56]} 13. Qf3 {[%clk 1:30:47]}  Nb6 {[%clk 1:35:24]} 14. Nd2 {[%clk 1:23:40]}  O-O-O {[%clk 1:32:22]} 15. Ne2 {[%clk 1:16:46]}  e5 {[%clk 1:29:08]} 16. Qg4+ {[%clk 1:09:07]}  Kb8 {[%clk 1:29:07]} 17. O-O-O {[%clk 1:15:29]}  Nd5 {[%clk 1:26:25]} 18. Kb1 {[%clk 1:14:56]}  Be7 {[%clk 1:24:13]} 19. Nf3 {[%clk 1:12:10]}  Nxe3 {[%clk 1:23:01]} 20. fxe3 {[%clk 1:12:04]}  Rhe8 {[%clk 1:21:05]} 21. Nc1 {[%clk 1:07:50]}  exd4 {[%clk 1:19:59]} 22. exd4 {[%clk 1:08:04]}  Na5 {[%clk 1:22:33]} 23. Rhe1 {[%clk 0:58:51]}  Bd6 {[%clk 1:22:24]} 24. Rxe8 {[%clk 0:57:53]}  Rxe8 {[%clk 1:22:53]} 25. Re1 {[%clk 0:57:24]}  Rxe1 {[%clk 1:22:20]} 26. Nxe1 {[%clk 0:58:36]}  Qe7 {[%clk 1:22:32]} 27. Qe2 {[%clk 0:56:52]}  Qd7 {[%clk 1:19:04]} 28. Ncd3 {[%clk 0:53:30]}  a6 {[%clk 1:14:35]} 29. h4 {[%clk 0:47:49]}  Ka7 {[%clk 1:09:04]} 30. b3 {[%clk 0:44:38]}  Qh3 {[%clk 1:15:05]} 31. Qe4 {[%clk 0:34:03]}  Bg3 {[%clk 1:14:57]} 32. Nf3 {[%clk 0:31:04]}  Qh1+ {[%clk 1:13:59]} 33. Kc2 {[%clk 0:30:53]}  Bxh4 {[%clk 1:04:20]} 34. Qg4 {[%clk 0:20:09]}  f5 {[%clk 1:03:55]} 35. Qxh4 {[%clk 0:18:53]}  Qxf3 {[%clk 1:04:23]} 36. Qf2 {[%clk 0:17:26]}  Qe4 {[%clk 1:01:18]} 37. Qf4 {[%clk 0:16:47]}  Qe2+ {[%clk 1:01:06]} 38. Qd2 {[%clk 0:17:14]}  Qe4 {[%clk 1:01:29]} 39. Kb2 {[%clk 0:16:21]}  Nc6 {[%clk 1:01:54]} 40. Nf4 {[%clk 0:16:40]}  b5 {[%clk 0:59:16]} 41. a3 {[%clk 0:01:23]}  a5 {[%clk 0:57:47]} 42. b4 {[%clk 0:16:39]}  a4 {[%clk 1:27:06]} 43. Nxg6 {[%clk 0:14:50]}  Qe6 {[%clk 1:26:49]} 44. d5 {[%clk 0:14:31]}  Qxg6 {[%clk 1:27:16]} 45. dxc6 {[%clk 0:14:51]}  Qxc6 {[%clk 1:27:40]} 46. Qf2+ {[%clk 0:14:23]}  Ka6 {[%clk 1:25:29]} 47. Qxf5 {[%clk 0:14:47]}  Qg2+ {[%clk 1:12:52]} 48. Kb1 {[%clk 0:15:12]}  Qg1+ {[%clk 1:11:59]} 49. Kc2 {[%clk 0:15:34]}  Qg2+ {[%clk 1:11:28]} 50. Kd3 {[%clk 0:15:51]}  Qg3+ {[%clk 1:11:40]} 51. Kd4 {[%clk 0:16:10]}  Qh4+ {[%clk 1:11:30]} 52. Ke5 {[%clk 0:14:32]}  Qg3+ {[%clk 1:11:46]} 53. Kd4 {[%clk 0:11:43]}  Qh4+ {[%clk 1:11:53]} 54. Ke5 {[%clk 0:09:55]}  Qg3+ {[%clk 1:10:45]} 55. Ke4 {[%clk 0:08:57]}  Qxc3 {[%clk 1:08:49]} 56. Qe6+ {[%clk 0:09:22]}  Ka7 {[%clk 1:07:44]} 57. Qd7+ {[%clk 0:09:37]}  Ka6 {[%clk 1:08:13]} 58. Qd6+ {[%clk 0:09:40]}  Kb7 {[%clk 1:08:42]} 59. Qd5+ {[%clk 0:09:36]}  Ka6 {[%clk 1:07:19]} 60. Qa8+ {[%clk 0:09:06]}  Kb6 {[%clk 1:07:47]} 61. Qa5+ {[%clk 0:08:03]}  Kc6 {[%clk 1:08:15]} 62. Qa6+ {[%clk 0:08:01]}  Kc7 {[%clk 1:08:43]} 63. Qa5+ {[%clk 0:07:08]}  Kc6 {[%clk 1:08:55]} 64. Qa8+ {[%clk 0:07:17]}  Kc7 {[%clk 1:08:11]} 1/2-1/2

[Event "Masters Tournament (MTO)"]
[Site "Biel, CH"]
[Date "2025.07.18"]
[Round "5"]
[White "Faraone, Ettore"]
[Black "Federer, Colin"]
[Result "0-1"]
[Board "35"]
[WhiteFideId "1311484"]
[BlackFideId "1345117"]
[BlackTitle "FM"]
[WhiteElo "1979"]
[BlackElo "2303"]
[WhiteTeam "SUI"]
[BlackTeam "SUI"]
[WhiteClock "0:25:48"]
[BlackClock "1:17:52"]
[Variant "Standard"]

1. e4 {[%clk 1:40:30]}  c5 {[%clk 1:38:22]} 2. Nf3 {[%clk 1:41:06]}  d6 {[%clk 1:38:47]} 3. d4 {[%clk 1:41:25]}  cxd4 {[%clk 1:39:11]} 4. Nxd4 {[%clk 1:41:45]}  Nf6 {[%clk 1:39:35]} 5. Nc3 {[%clk 1:42:07]}  a6 {[%clk 1:39:58]} 6. Bg5 {[%clk 1:42:21]}  Nbd7 {[%clk 1:40:10]} 7. f4 {[%clk 1:42:13]}  Qc7 {[%clk 1:40:04]} 8. Qf3 {[%clk 1:42:24]}  b5 {[%clk 1:40:18]} 9. a3 {[%clk 1:39:07]}  Bb7 {[%clk 1:39:29]} 10. O-O-O {[%clk 1:39:19]}  g6 {[%clk 1:39:19]} 11. Bd3 {[%clk 1:34:33]}  Bg7 {[%clk 1:38:39]} 12. Nde2 {[%clk 1:16:30]}  Rc8 {[%clk 1:30:55]} 13. Kb1 {[%clk 1:13:27]}  O-O {[%clk 1:22:49]} 14. g4 {[%clk 1:09:25]}  Nc5 {[%clk 1:17:59]} 15. Bxf6 {[%clk 1:07:11]}  Bxf6 {[%clk 1:25:28]} 16. g5 {[%clk 1:07:32]}  Bg7 {[%clk 1:25:38]} 17. h4 {[%clk 1:07:55]}  Qb6 {[%clk 1:17:45]} 18. f5 {[%clk 1:00:55]}  gxf5 {[%clk 1:18:19]} 19. Qxf5 {[%clk 1:00:36]}  e6 {[%clk 1:17:55]} 20. Qh3 {[%clk 0:48:20]}  b4 {[%clk 1:17:40]} 21. axb4 {[%clk 0:46:58]}  Qxb4 {[%clk 1:18:04]} 22. h5 {[%clk 0:45:36]}  Nxe4 {[%clk 1:17:15]} 23. Bxe4 {[%clk 0:44:20]}  Bxe4 {[%clk 1:17:38]} 24. Kc1 {[%clk 0:35:01]}  Rb8 {[%clk 1:17:18]} 25. b3 {[%clk 0:29:30]}  Bxh1 {[%clk 1:17:22]} 26. Rxh1 {[%clk 0:29:14]}  Rfc8 {[%clk 1:17:28]} 27. Kd2 {[%clk 0:26:59]}  Rxc3 {[%clk 1:17:24]} 28. Nxc3 {[%clk 0:26:49]}  Rc8 {[%clk 1:17:48]} 29. g6 {[%clk 0:27:05]}  Qxc3+ {[%clk 1:17:27]} 30. Qxc3 {[%clk 0:27:24]}  Bxc3+ {[%clk 1:17:52]} 31. Kd3 {[%clk 0:25:48]} 0-1

[Event "Masters Tournament (MTO)"]
[Site "Biel, CH"]
[Date "2025.07.18"]
[Round "5"]
[White "Misiano, Franco"]
[Black "Snodgrass, Benjamin"]
[Result "0-1"]
[Board "36"]
[WhiteFideId "804746"]
[BlackFideId "30915422"]
[WhiteTitle "FM"]
[WhiteElo "2108"]
[BlackElo "1964"]
[WhiteTeam "ITA"]
[BlackTeam "USA"]
[WhiteClock "1:20:24"]
[BlackClock "0:05:55"]
[Variant "Standard"]

1. e4 {[%clk 1:40:54]}  d6 {[%clk 1:40:53]} 2. d4 {[%clk 1:41:19]}  Nf6 {[%clk 1:41:18]} 3. Nc3 {[%clk 1:41:43]}  e5 {[%clk 1:41:42]} 4. Nf3 {[%clk 1:42:01]}  Nbd7 {[%clk 1:42:05]} 5. Bc4 {[%clk 1:42:24]}  Be7 {[%clk 1:42:28]} 6. O-O {[%clk 1:42:46]}  O-O {[%clk 1:42:52]} 7. Re1 {[%clk 1:43:11]}  c6 {[%clk 1:43:15]} 8. a4 {[%clk 1:43:33]}  a5 {[%clk 1:43:06]} 9. h3 {[%clk 1:43:48]}  Nb6 {[%clk 1:43:23]} 10. Bb3 {[%clk 1:43:59]}  Nfd7 {[%clk 1:43:08]} 11. Be3 {[%clk 1:43:30]}  exd4 {[%clk 1:43:30]} 12. Nxd4 {[%clk 1:43:37]}  Nc5 {[%clk 1:43:48]} 13. Qf3 {[%clk 1:43:32]}  Nxb3 {[%clk 1:42:14]} 14. cxb3 {[%clk 1:43:47]}  Nd7 {[%clk 1:32:49]} 15. Rad1 {[%clk 1:41:41]}  Ne5 {[%clk 1:15:49]} 16. Qe2 {[%clk 1:41:20]}  Qc7 {[%clk 1:07:46]} 17. f4 {[%clk 1:33:11]}  Nd7 {[%clk 1:01:28]} 18. Nf5 {[%clk 1:39:10]}  Nc5 {[%clk 1:01:52]} 19. Bd4 {[%clk 1:29:48]}  Bxf5 {[%clk 0:51:52]} 20. exf5 {[%clk 1:29:38]}  Rfe8 {[%clk 0:32:14]} 21. f6 {[%clk 1:26:09]}  Bf8 {[%clk 0:31:26]} 22. Qxe8 {[%clk 1:24:23]}  Rxe8 {[%clk 0:31:51]} 23. Rxe8 {[%clk 1:24:46]}  Ne6 {[%clk 0:32:18]} 24. fxg7 {[%clk 1:23:42]}  Nxg7 {[%clk 0:32:40]} 25. Ra8 {[%clk 1:23:23]}  f5 {[%clk 0:30:07]} 26. Rd3 {[%clk 1:20:51]}  Ne6 {[%clk 0:26:27]} 27. Rg3+ {[%clk 1:20:36]}  Kf7 {[%clk 0:26:44]} 28. Be3 {[%clk 1:20:22]}  d5 {[%clk 0:26:04]} 29. Ne2 {[%clk 1:20:29]}  Bg7 {[%clk 0:21:00]} 30. Bd2 {[%clk 1:18:19]}  b6 {[%clk 0:17:43]} 31. Bc3 {[%clk 1:18:26]}  Qb7 {[%clk 0:11:33]} 32. Rxg7+ {[%clk 1:16:03]}  Nxg7 {[%clk 0:11:58]} 33. Rh8 {[%clk 1:16:26]}  Qe7 {[%clk 0:06:49]} 34. Be5 {[%clk 1:15:59]}  Qh4 {[%clk 0:08:00]} 35. Nd4 {[%clk 1:15:39]}  Ne8 {[%clk 0:04:11]} 36. Nf3 {[%clk 1:15:04]}  Qg3 {[%clk 0:02:41]} 37. Ng5+ {[%clk 1:13:51]}  Ke7 {[%clk 0:01:56]} 38. Rxh7+ {[%clk 1:13:59]}  Kd8 {[%clk 0:01:57]} 39. Ne6+ {[%clk 1:08:44]}  Kc8 {[%clk 0:02:22]} 40. Rh8 {[%clk 1:04:30]}  Kd7 {[%clk 0:02:18]} 41. Ng5 {[%clk 1:04:36]}  c5 {[%clk 0:00:34]} 42. Rh7+ {[%clk 1:04:44]}  Kc8 {[%clk 0:25:21]} 43. Rh8 {[%clk 1:34:17]}  Kd8 {[%clk 0:24:53]} 44. h4 {[%clk 1:30:58]}  d4 {[%clk 0:23:54]} 45. Nf3 {[%clk 1:30:57]}  d3 {[%clk 0:21:47]} 46. Kf1 {[%clk 1:31:16]}  Ke7 {[%clk 0:20:42]} 47. Rh7+ {[%clk 1:28:36]}  Ke6 {[%clk 0:16:24]} 48. h5 {[%clk 1:28:49]}  Qg4 {[%clk 0:08:16]} 49. Rh8 {[%clk 1:28:30]}  d2 {[%clk 0:07:23]} 50. Nxd2 {[%clk 1:27:14]}  Qd1+ {[%clk 0:07:47]} 51. Kf2 {[%clk 1:27:40]}  Qxd2+ {[%clk 0:08:13]} 52. Kg3 {[%clk 1:27:24]}  Qe3+ {[%clk 0:07:55]} 53. Kh4 {[%clk 1:27:35]}  Qe2 {[%clk 0:07:19]} 54. Rg8 {[%clk 1:27:26]}  Kf7 {[%clk 0:07:29]} 55. Rg6 {[%clk 1:26:48]}  Qf2+ {[%clk 0:06:55]} 56. Kh3 {[%clk 1:26:43]}  Qe1 {[%clk 0:06:53]} 57. Rg5 {[%clk 1:26:49]}  Qb1 {[%clk 0:06:13]} 58. Kh2 {[%clk 1:26:24]}  Nf6 {[%clk 0:04:40]} 59. Bxf6 {[%clk 1:26:24]}  Kxf6 {[%clk 0:05:07]} 60. h6 {[%clk 1:26:45]}  Qe1 {[%clk 0:04:12]} 61. Rg3 {[%clk 1:24:20]}  Qe7 {[%clk 0:03:53]} 62. Rh3 {[%clk 1:24:41]}  Qh7 {[%clk 0:04:19]} 63. Kg3 {[%clk 1:23:53]}  Kf7 {[%clk 0:04:45]} 64. Kf3 {[%clk 1:23:54]}  Kg8 {[%clk 0:05:05]} 65. g4 {[%clk 1:23:53]}  fxg4+ {[%clk 0:04:26]} 66. Kxg4 {[%clk 1:24:18]}  Qg6+ {[%clk 0:04:25]} 67. Kf3 {[%clk 1:24:38]}  Kh7 {[%clk 0:04:49]} 68. Kf2 {[%clk 1:19:26]}  Qc2+ {[%clk 0:04:59]} 69. Kg1 {[%clk 1:19:28]}  Qxb2 {[%clk 0:05:08]} 70. Kf1 {[%clk 1:19:29]}  Qc1+ {[%clk 0:05:00]} 71. Kg2 {[%clk 1:19:42]}  Qxf4 {[%clk 0:05:23]} 72. Kg1 {[%clk 1:20:00]}  c4 {[%clk 0:05:31]} 73. bxc4 {[%clk 1:20:24]}  Qxc4 {[%clk 0:05:55]} 0-1

[Event "Masters Tournament (MTO)"]
[Site "Biel, CH"]
[Date "2025.07.18"]
[Round "5"]
[White "Perreard, Nicolas"]
[Black "Jelicic, Hugo"]
[Result "0-1"]
[Board "37"]
[WhiteFideId "1330861"]
[BlackFideId "1349040"]
[WhiteElo "2100"]
[BlackElo "1908"]
[WhiteTeam "SUI"]
[BlackTeam "SUI"]
[WhiteClock "1:27:02"]
[BlackClock "0:49:54"]
[Variant "Standard"]

1. d4 {[%clk 1:40:58]}  d5 {[%clk 1:40:57]} 2. c4 {[%clk 1:41:23]}  e6 {[%clk 1:41:24]} 3. Nf3 {[%clk 1:41:49]}  c6 {[%clk 1:41:51]} 4. Nc3 {[%clk 1:42:14]}  dxc4 {[%clk 1:42:19]} 5. a4 {[%clk 1:42:37]}  Bb4 {[%clk 1:42:41]} 6. e3 {[%clk 1:42:23]}  b5 {[%clk 1:43:03]} 7. Ne5 {[%clk 1:40:50]}  Nf6 {[%clk 1:40:04]} 8. Bd2 {[%clk 1:28:44]}  O-O {[%clk 1:32:47]} 9. b3 {[%clk 1:35:58]}  Nd5 {[%clk 1:19:51]} 10. Nxd5 {[%clk 1:31:58]}  Bxd2+ {[%clk 1:20:08]} 11. Kxd2 {[%clk 1:28:44]}  exd5 {[%clk 1:17:05]} 12. axb5 {[%clk 1:32:42]}  cxb5 {[%clk 1:16:12]} 13. bxc4 {[%clk 1:33:10]}  f6 {[%clk 1:09:25]} 14. Nd3 {[%clk 1:31:38]}  bxc4 {[%clk 1:08:45]} 15. Nb4 {[%clk 1:30:43]}  Bb7 {[%clk 1:06:08]} 16. Qf3 {[%clk 1:28:02]}  a5 {[%clk 1:03:05]} 17. Nxd5 {[%clk 1:29:51]}  Qxd5 {[%clk 0:59:34]} 18. Bxc4 {[%clk 1:30:12]}  Qxc4 {[%clk 0:59:53]} 19. Qxb7 {[%clk 1:30:40]}  Nc6 {[%clk 1:00:01]} 20. Rhc1 {[%clk 1:30:56]}  Qb4+ {[%clk 1:00:15]} 21. Qxb4 {[%clk 1:31:18]}  Nxb4 {[%clk 1:00:42]} 22. Rc5 {[%clk 1:31:44]}  a4 {[%clk 0:58:15]} 23. Kc3 {[%clk 1:31:29]}  Rfb8 {[%clk 0:57:00]} 24. e4 {[%clk 1:31:24]}  a3 {[%clk 0:49:12]} 25. Rc4 {[%clk 1:31:21]}  Ra4 {[%clk 0:48:30]} 26. Kb3 {[%clk 1:27:38]}  Nd3+ {[%clk 0:48:48]} 27. Kxa4 {[%clk 1:25:35]}  Nb2+ {[%clk 0:49:11]} 28. Kxa3 {[%clk 1:26:36]}  Nxc4+ {[%clk 0:49:32]} 29. Ka2 {[%clk 1:27:02]}  Rb2# {[%clk 0:49:54]} 0-1

[Event "Masters Tournament (MTO)"]
[Site "Biel, CH"]
[Date "2025.07.18"]
[Round "5"]
[White "Kanana, Ziad"]
[Black "Glasschroeder, Maximilian"]
[Result "1-0"]
[Board "38"]
[WhiteFideId "1346911"]
[BlackFideId "34652590"]
[WhiteElo "2062"]
[BlackElo "1886"]
[WhiteTeam "SUI"]
[BlackTeam "GER"]
[WhiteClock "0:15:35"]
[BlackClock "0:00:31"]
[Variant "Standard"]

1. e4 {[%clk 1:40:57]}  c6 {[%clk 1:40:28]} 2. d4 {[%clk 1:41:20]}  d5 {[%clk 1:40:47]} 3. e5 {[%clk 1:41:46]}  Bf5 {[%clk 1:41:02]} 4. Nf3 {[%clk 1:42:09]}  e6 {[%clk 1:41:02]} 5. Be2 {[%clk 1:42:35]}  c5 {[%clk 1:40:50]} 6. Be3 {[%clk 1:42:47]}  Qb6 {[%clk 1:39:35]} 7. Nc3 {[%clk 1:43:09]}  Nc6 {[%clk 1:38:39]} 8. Na4 {[%clk 1:43:30]}  Qa5+ {[%clk 1:38:28]} 9. c3 {[%clk 1:43:54]}  c4 {[%clk 1:38:14]} 10. b4 {[%clk 1:44:12]}  Bxb4 {[%clk 1:34:36]} 11. cxb4 {[%clk 1:44:24]}  Nxb4 {[%clk 1:34:58]} 12. Nc5 {[%clk 1:44:41]}  Nc2+ {[%clk 1:30:10]} 13. Kf1 {[%clk 1:45:06]}  Nxa1 {[%clk 1:30:02]} 14. Qxa1 {[%clk 1:45:22]}  Qc7 {[%clk 1:25:49]} 15. h4 {[%clk 1:42:09]}  Ne7 {[%clk 1:21:15]} 16. h5 {[%clk 1:41:51]}  h6 {[%clk 1:19:37]} 17. Nd2 {[%clk 1:40:42]}  b6 {[%clk 1:10:30]} 18. Na4 {[%clk 1:40:43]}  b5 {[%clk 0:47:33]} 19. Nc5 {[%clk 1:39:41]}  a5 {[%clk 0:44:30]} 20. g4 {[%clk 1:38:33]}  Bh7 {[%clk 0:44:19]} 21. Bd1 {[%clk 1:12:43]}  Nc8 {[%clk 0:33:54]} 22. Rg1 {[%clk 1:07:36]}  Nb6 {[%clk 0:31:27]} 23. g5 {[%clk 1:03:52]}  Bf5 {[%clk 0:28:08]} 24. Bg4 {[%clk 0:37:02]}  Bxg4 {[%clk 0:21:58]} 25. Rxg4 {[%clk 0:37:23]}  hxg5 {[%clk 0:21:08]} 26. Rxg5 {[%clk 0:37:40]}  O-O-O {[%clk 0:18:15]} 27. Nf3 {[%clk 0:25:02]}  Nd7 {[%clk 0:12:02]} 28. a3 {[%clk 0:19:51]}  Rhg8 {[%clk 0:03:27]} 29. Ke2 {[%clk 0:18:07]}  Qb6 {[%clk 0:02:51]} 30. Rg1 {[%clk 0:17:21]}  Nb8 {[%clk 0:00:43]} 31. Ng5 {[%clk 0:16:03]}  Rdf8 {[%clk 0:00:38]} 32. h6 {[%clk 0:15:01]}  gxh6 {[%clk 0:00:35]} 33. Nxf7 {[%clk 0:15:12]}  Rxg1 {[%clk 0:00:32]} 34. Qxg1 {[%clk 0:15:33]}  Nd7 {[%clk 0:00:32]} 35. Nd6+ {[%clk 0:15:10]}  Kc7 {[%clk 0:00:31]} 36. Nxd7 {[%clk 0:15:13]}  Kxd7 {[%clk 0:00:31]} 37. Qg7+ {[%clk 0:15:35]} 1-0

[Event "Masters Tournament (MTO)"]
[Site "Biel, CH"]
[Date "2025.07.18"]
[Round "5"]
[White "Jordan, Theodor"]
[Black "Artan, Tamir"]
[Result "1/2-1/2"]
[Board "39"]
[WhiteFideId "1353152"]
[BlackFideId "1346865"]
[WhiteElo "1934"]
[BlackElo "2054"]
[WhiteTeam "SUI"]
[BlackTeam "SUI"]
[WhiteClock "1:14:49"]
[BlackClock "0:24:27"]
[Variant "Standard"]

1. e4 {[%clk 1:40:58]}  e5 {[%clk 1:40:51]} 2. Nf3 {[%clk 1:41:25]}  Nc6 {[%clk 1:41:14]} 3. Bb5 {[%clk 1:41:52]}  f5 {[%clk 1:39:14]} 4. d4 {[%clk 1:40:21]}  fxe4 {[%clk 1:35:47]} 5. Bxc6 {[%clk 1:37:24]}  dxc6 {[%clk 1:31:50]} 6. Nxe5 {[%clk 1:37:48]}  Nf6 {[%clk 1:32:14]} 7. O-O {[%clk 1:35:16]}  Bd6 {[%clk 1:32:32]} 8. Nc3 {[%clk 1:34:13]}  O-O {[%clk 1:31:40]} 9. Bg5 {[%clk 1:33:58]}  Qe8 {[%clk 1:24:57]} 10. Qe2 {[%clk 1:21:35]}  Bf5 {[%clk 1:16:33]} 11. Rae1 {[%clk 1:01:16]}  Bxe5 {[%clk 0:59:07]} 12. dxe5 {[%clk 1:18:56]}  Qxe5 {[%clk 0:58:25]} 13. Bxf6 {[%clk 1:19:09]}  Qxf6 {[%clk 0:54:05]} 14. Qc4+ {[%clk 1:17:46]}  Kh8 {[%clk 0:53:22]} 15. Nxe4 {[%clk 1:17:42]}  Bxe4 {[%clk 0:52:16]} 16. Qxe4 {[%clk 1:17:04]}  Rad8 {[%clk 0:47:21]} 17. c3 {[%clk 1:16:18]}  Qf7 {[%clk 0:47:34]} 18. b3 {[%clk 1:12:35]}  a5 {[%clk 0:43:44]} 19. Qh4 {[%clk 1:10:29]}  Rd7 {[%clk 0:42:27]} 20. Re3 {[%clk 1:05:44]}  Re8 {[%clk 0:35:45]} 21. Qg5 {[%clk 1:01:39]}  b6 {[%clk 0:34:17]} 22. Rfe1 {[%clk 1:01:43]}  Rxe3 {[%clk 0:33:47]} 23. Qxe3 {[%clk 1:02:07]}  h6 {[%clk 0:33:40]} 24. g3 {[%clk 1:01:25]}  c5 {[%clk 0:32:49]} 25. c4 {[%clk 1:02:10]}  Kh7 {[%clk 0:32:16]} 26. Qe4+ {[%clk 1:01:49]}  Qg6 {[%clk 0:31:47]} 27. Kg2 {[%clk 1:00:04]}  a4 {[%clk 0:29:23]} 28. Qa8 {[%clk 0:50:14]}  axb3 {[%clk 0:21:16]} 29. Re8 {[%clk 0:50:18]}  Qf5 {[%clk 0:21:13]} 30. axb3 {[%clk 0:49:25]}  Rf7 {[%clk 0:19:33]} 31. Qe4 {[%clk 0:48:05]}  Qxe4+ {[%clk 0:18:04]} 32. Rxe4 {[%clk 0:48:33]}  g5 {[%clk 0:18:27]} 33. h4 {[%clk 0:48:41]}  Kg6 {[%clk 0:15:18]} 34. hxg5 {[%clk 0:48:54]}  hxg5 {[%clk 0:15:42]} 35. f4 {[%clk 0:49:08]}  Rd7 {[%clk 0:12:30]} 36. Re3 {[%clk 0:44:51]}  gxf4 {[%clk 0:10:14]} 37. gxf4 {[%clk 0:45:09]}  Kf5 {[%clk 0:10:19]} 38. Kf3 {[%clk 0:45:30]}  Rd1 {[%clk 0:08:08]} 39. Re5+ {[%clk 0:44:45]}  Kf6 {[%clk 0:10:16]} 40. Re8 {[%clk 0:43:58]}  Rb1 {[%clk 0:08:57]} 41. Re3 {[%clk 0:43:56]}  Kf5 {[%clk 0:07:44]} 42. Re5+ {[%clk 0:44:16]}  Kf6 {[%clk 0:07:59]} 43. Re3 {[%clk 0:44:42]}  c6 {[%clk 0:08:16]} 44. Ke4 {[%clk 0:44:31]}  Ke6 {[%clk 0:06:12]} 45. Rh3 {[%clk 0:44:23]}  Re1+ {[%clk 0:06:11]} 46. Re3 {[%clk 0:44:52]}  Rh1 {[%clk 0:03:05]} 47. Rg3 {[%clk 0:45:15]}  Kf6 {[%clk 0:02:31]} 48. Rd3 {[%clk 0:45:28]}  Re1+ {[%clk 0:01:22]} 49. Re3 {[%clk 0:45:46]}  Rb1 {[%clk 0:01:48]} 50. Rd3 {[%clk 0:45:41]}  Ke6 {[%clk 0:01:10]} 51. Rh3 {[%clk 0:44:45]}  Re1+ {[%clk 0:23:56]} 52. Re3 {[%clk 1:14:37]}  Rd1 {[%clk 0:24:03]} 53. Rd3 {[%clk 1:14:23]}  Re1+ {[%clk 0:24:27]} 54. Re3 {[%clk 1:14:49]} 1/2-1/2

[Event "Masters Tournament (MTO)"]
[Site "Biel, CH"]
[Date "2025.07.18"]
[Round "5"]
[White "Kwiatkowski, Jakub"]
[Black "Hoffmann, Alexander"]
[Result "1-0"]
[Board "41"]
[WhiteFideId "1348736"]
[BlackFideId "16240219"]
[WhiteElo "2034"]
[BlackElo "1872"]
[WhiteTeam "SUI"]
[BlackTeam "GER"]
[WhiteClock "0:07:44"]
[BlackClock "0:01:52"]
[Variant "Standard"]

1. e4 {[%clk 1:40:33]}  c5 {[%clk 1:40:52]} 2. Nf3 {[%clk 1:40:55]}  e6 {[%clk 1:41:15]} 3. d4 {[%clk 1:40:20]}  cxd4 {[%clk 1:41:37]} 4. Nxd4 {[%clk 1:40:44]}  a6 {[%clk 1:41:59]} 5. Nc3 {[%clk 1:40:58]}  b5 {[%clk 1:42:20]} 6. Bd3 {[%clk 1:41:20]}  Qc7 {[%clk 1:41:52]} 7. O-O {[%clk 1:40:03]}  Nf6 {[%clk 1:39:57]} 8. Bg5 {[%clk 1:35:46]}  Be7 {[%clk 1:34:30]} 9. Re1 {[%clk 1:32:03]}  d6 {[%clk 1:36:30]} 10. a4 {[%clk 1:25:27]}  bxa4 {[%clk 1:29:33]} 11. Nxa4 {[%clk 1:19:24]}  O-O {[%clk 1:26:15]} 12. c4 {[%clk 1:10:54]}  Nbd7 {[%clk 1:20:20]} 13. Rc1 {[%clk 1:05:09]}  Bb7 {[%clk 1:14:46]} 14. f3 {[%clk 1:01:41]}  Nc5 {[%clk 1:03:29]} 15. b4 {[%clk 0:54:50]}  Nxa4 {[%clk 0:59:22]} 16. Qxa4 {[%clk 0:52:41]}  Rfc8 {[%clk 0:55:15]} 17. Be3 {[%clk 0:49:11]}  Nd7 {[%clk 0:52:49]} 18. Nb3 {[%clk 0:41:03]}  Qd8 {[%clk 0:42:05]} 19. Na5 {[%clk 0:35:12]}  Qc7 {[%clk 0:38:46]} 20. Rc2 {[%clk 0:29:34]}  Ne5 {[%clk 0:33:00]} 21. Bf1 {[%clk 0:29:41]}  Nc6 {[%clk 0:33:01]} 22. Nxb7 {[%clk 0:27:45]}  Qxb7 {[%clk 0:33:00]} 23. Rb1 {[%clk 0:26:30]}  Ne5 {[%clk 0:28:32]} 24. Qa2 {[%clk 0:22:26]}  Nc6 {[%clk 0:22:19]} 25. Qb3 {[%clk 0:19:34]}  Bf6 {[%clk 0:13:39]} 26. Rd2 {[%clk 0:19:53]}  Qc7 {[%clk 0:13:20]} 27. Qc2 {[%clk 0:14:02]}  Ne5 {[%clk 0:10:56]} 28. Rc1 {[%clk 0:13:24]}  Qb7 {[%clk 0:10:13]} 29. Rxd6 {[%clk 0:12:00]}  Qxb4 {[%clk 0:10:22]} 30. Rb6 {[%clk 0:12:08]}  Qe7 {[%clk 0:08:51]} 31. c5 {[%clk 0:10:12]}  Qa7 {[%clk 0:02:34]} 32. Qa4 {[%clk 0:09:29]}  a5 {[%clk 0:04:00]} 33. c6 {[%clk 0:08:42]}  Rab8 {[%clk 0:03:59]} 34. Qb3 {[%clk 0:08:18]}  Qc7 {[%clk 0:03:00]} 35. Rb7 {[%clk 0:08:02]}  Qd6 {[%clk 0:02:04]} 36. Rxb8 {[%clk 0:07:04]}  Rxb8 {[%clk 0:01:55]} 37. Qxb8+ {[%clk 0:07:10]}  Qxb8 {[%clk 0:02:23]} 38. c7 {[%clk 0:06:38]}  Qc8 {[%clk 0:01:52]} 39. Ba6 {[%clk 0:07:44]} 1-0